"Moje dieťa nemá sluch!"

Bibliographic Details
Main Author: Kantor, Štefan, 1898-1991 (Author)
Format: Article
Language:Slovak

MARC

LEADER 00000nab a2200000ua 4500
001 vtls010742260
003 SK-MaSNL
005 20260304200706.0
008 250718s1956 xo |||||||||||||||||slo|
035 |a (urnnbn)urn:nbn:sk:snk:ar-a00cuk 
035 |a (uuid)e4101446-c6e5-4944-a80e-103a3d55046b 
035 |a urn:nbn:sk:snk-ab46xe 
040 |a SNKBUCL  |b slo  |c SNKBUCL  |e AACR2 
041 0 |a slo 
044 |a xo  |c SK 
100 1 |a Kantor, Štefan,  |d 1898-1991  |4 aut  |9 38713 
245 1 0 |a "Moje dieťa nemá sluch!"  |c Štefan Kantor 
773 0 |t Rodina a škola  |g Roč. 3, č. 6 (1956), s. 186-189 
850 |a Slovenská národná knižnica 
852 |a Slovenská národná knižnica 
954 |a odborná, vedecká literatúra pôvodná (slovenská)  |2 lita 
958 |a article3 
958 |a OND 
958 |a EUIPO 
999 |c 3090213  |d 3092143